Normal view MARC view
  • Aragón-Vargas, Luis Fernando

Entry Nombre Personal

Number of records used in: 1

001 - NUMERO DE CONTROL

  • campo de control: 60111

003 - IDENTIFICADOR DE NUMERO DE CONTROL

  • campo de control: UPN

005 - FECHA Y HORA DE LA ÜLTIMA TRANSACCIÓN

  • campo de control: 20260624154741.0

008 - DATOS DE LONGITUD FIJA

  • campo de control de longitud fija: 260624|| acz||aabn | a|a d

024 ## - OTROS IDENTIFICADORES NORMALIZADOS

  • Fuente: orcid
  • Número normalizado o código: https://orcid.org/0000-0002-8030-974X

040 ## - FUENTE DE CATALOGACIÓN

  • Agencia original de catalogación: MX-MxUPN

100 1# - ENCABEZAMIENTO - NOMBRE PERSONAL

  • Nombre personal: Aragón-Vargas, Luis Fernando

370 ## - LUGAR ASOCIADO

  • Place of birth: San José, Costa Rica

371 ## - DIRECCIÓN

  • Electronic mail address: luis.aragon@ucr.ac.cr

372 ## - CAMPO DE ACTIVIDAD

  • Field of activity: Ciencias de la educación
  • Field of activity: Educación física
  • Field of activity: Docencia

373 ## - GRUPO ASOCIADO

  • Associated group: Universidad de Costa Rica, Centro de Investigación en Ciencias del Movimiento Humano

374 ## - OCUPACIÓN

  • Occupation: Profesor universitario

670 ## - FUENTE EN LA QUE SE LOCALIZARON DATOS

  • Cita de la fuente: En recurso en línea: Actualidades en psicología, Vol. 40, no. 140 (2026):
  • Información localizada: página 78 (Luis Fernando Aragón-Vargas)
  • Uniform Resource Identifier: https://revistas.ucr.ac.cr/index.php/ap/article/view/7081/9667

902 ## - CATALOGADOR

  • Catalogador: RGJD/240626